Magnetospheric current systems (Record no. 14268)

MARC details
000 -LEADER
fixed length control field 00683nam a2200217Ia 4500
003 - CONTROL NUMBER IDENTIFIER
control field IN-BaIIA
008 - FIXED-LENGTH DATA ELEMENTS--GENERAL INFORMATION
fixed length control field 211028s9999 xx 000 0 eng d
020 ## - INTERNATIONAL STANDARD BOOK NUMBER
International Standard Book Number 0-87590-976-0
040 ## - CATALOGING SOURCE
Transcribing agency IIA Library
080 ## - UNIVERSAL DECIMAL CLASSIFICATION NUMBER
Universal Decimal Classification number 551.510.5
Item number OHT
245 #0 - TITLE STATEMENT
Title Magnetospheric current systems
Statement of responsibility, etc. edited by Shin-ichi Ohtani….[et al.]
260 ## - PUBLICATION, DISTRIBUTION, ETC.
Place of publication, distribution, etc. Washington, D. C.
Name of publisher, distributor, etc. American Geophysical Union
Date of publication, distribution, etc. 2000
300 ## - PHYSICAL DESCRIPTION
Extent xi, 401p.
490 ## - SERIES STATEMENT
Series statement Geophysics monograph; 118
650 ## - SUBJECT ADDED ENTRY--TOPICAL TERM
Topical term or geographic name entry element Magnetospheric currents - congresses
9 (RLIN) 25232
700 ## - ADDED ENTRY--PERSONAL NAME
Personal name Fujii, R., ed.
9 (RLIN) 25233
700 ## - ADDED ENTRY--PERSONAL NAME
Personal name Hesse, M., ed.
9 (RLIN) 25234
700 ## - ADDED ENTRY--PERSONAL NAME
Personal name Lysak, R. L., ed.
9 (RLIN) 25235
700 ## - ADDED ENTRY--PERSONAL NAME
Personal name Ohtani, Shin-ichi, ed.
9 (RLIN) 25236
942 ## - ADDED ENTRY ELEMENTS (KOHA)
Koha item type Books
Holdings
Withdrawn status Lost status Damaged status Not for loan Home library Current library Shelving location Date acquired Source of acquisition Cost, normal purchase price Total Checkouts Full call number Barcode Date last seen Cost, replacement price Price effective from Koha item type Purchase Price
        IIA Library-Bangalore IIA Library-Bangalore General Stacks 28/09/2001 AGU 3186.00   551.510.5/ OHT 15188 05/11/2021 3186.00 28/09/2001 Books Rs. 3186.00

Powered by Koha